|
|
|
|
| LEADER |
00000nab a2200000 a 4500 |
| 001 |
vtls000835409 |
| 003 |
SK-MaSNL |
| 005 |
20260318114822.0 |
| 008 |
160314c2003 xo 0 hun |
| 015 |
|
|
|a SNBRB2003/05-15088
|
| 035 |
|
|
|a CLN000187064
|
| 040 |
|
|
|a SNKBUCL
|b slo
|c SNKBUCL
|e AACR2
|
| 041 |
0 |
|
|a slo
|
| 044 |
|
|
|a xo
|c SK
|
| 080 |
|
|
|a 82.09:894.511 (437.6)-1
|2 UDC-MRF-SK2
|
| 080 |
|
|
|a 894.511 (437.6)-1.09
|2 UDC-MRF-SK2
|
| 100 |
1 |
|
|a Cselényi, László,
|d 1938-2023
|4 aut
|9 241940
|
| 245 |
1 |
0 |
|a A "Sziget" ürügyén
|b Cselényi László olvasónaplója
|c Cselényi László
|
| 300 |
|
|
|b Fotogr.
|
| 600 |
1 |
7 |
|a Szászi, Zoltán,
|d 1964-
|t Sziget
|2 snkbucl
|9 845011
|
| 655 |
|
7 |
|a úvahy
|2 SNKPH
|9 29403
|
| 773 |
0 |
|
|t Új Szó
|g Roč. 56, č. 84 (10.4.2003)
|
| 773 |
0 |
|
|t [Príl.] Könyvjelző
|g Roč. 2, č. 4 (2003), s. 5
|
| 850 |
|
|
|a Slovenská národná knižnica v Martine
|
| 852 |
|
|
|a SNK
|b KIS3GCP
|
| 958 |
|
|
|a HU
|
| 958 |
|
|
|a LX
|
| 958 |
|
|
|a SK
|
| 958 |
|
|
|a RBX
|
| 999 |
|
|
|c 3291913
|d 3293843
|